000 00391pab a2200157 454500
008 180718b2008 xxu||||| |||| 00| 0 eng d
100 _aSaxena, Ashish
245 _aTradition and change among the tribal Gujjars of Jammu siwaliks
260 _c2008
300 _ap.515-31.
362 _aOct-Dec
650 _aTribes
773 _aEastern Anthropologist
908 _aN
909 _a82232
999 _c82232
_d82232